Score 0/50 Timer 10:00
0 Plays Today
University Public or Private? % Correct
Harvard University???
90.3%
University of Michigan???
87.8%
Columbia University???
86.3%
University of Vermont???
86.2%
University of Virginia???
85.5%
Stanford University???
83.4%
Duke University???
81.9%
University of Cincinnati???
79.1%
Vanderbilt University???
78.7%
University of Southern Mississippi???
78.7%
University of Houston???
78.6%
Northwestern University???
77.6%
Texas A&M University???
76.6%
University of Pittsburgh???
75.3%
Drexel University???
73.4%
University of Louisville???
72.9%
Rutgers University???
72.8%
University of Memphis???
70.3%
New York University???
70.3%
University of Pennsylvania???
69.5%
Tulane University???
68.4%
University of Chicago???
67.5%
Liberty University???
66.9%
Creighton University???
64.7%
Auburn University???
64.5%
University Public or Private? % Correct
Florida Atlantic University???
62.3%
Belmont University???
62.2%
Boston University???
61.8%
Purdue University???
59.9%
Florida International University???
59.8%
Baylor University???
59.1%
University of New Orleans???
57%
Clemson University???
53.6%
Syracuse University???
53%
Troy University???
52.4%
Towson University???
49.4%
Binghamton University???
49.4%
Marshall University???
48.8%
University of Southern California???
46.8%
Miami University (OH)???
46.4%
James Madison University???
41.3%
University of Denver???
40%
University of Dayton???
39.4%
Temple University???
37.5%
George Mason University???
35.7%
Old Dominion University???
35.2%
Radford University???
34.1%
University of San Diego???
33.4%
Winthrop University???
26.2%
University of Tulsa???
23.7%
Remove Ads.
Support Sporcle.
Get the best of Sporcle when you Go Orange. This ad-free experience offers more features, more stats, and more fun while also helping to support Sporcle. Thank you for becoming a member.

You're not logged in!

Compare scores with friends on all Sporcle quizzes.
OR
Log In

Show Comments

Extras

Top Quizzes Today


Score Distribution

Your Account Isn't Verified!

In order to create a playlist on Sporcle, you need to verify the email address you used during registration. Go to your Sporcle Settings to finish the process.

Report this User

Report this user for behavior that violates our Community Guidelines.

Details: